| 000 | 01243nam a22003251u 4500 | ||
|---|---|---|---|
| 001 | 02915 | ||
| 003 | HDC | ||
| 007 | cr bn --- | ||
| 008 | 201224p xx n 10 eng | ||
| 022 | _a2078-0966 | ||
| 040 | _aHDC | ||
| 110 | _aProceedings of the World Congress on Engineering Vol II, July 5-7, 2017, London, U.K. | ||
| 245 | 0 |
_aPerformance Measurement for Halal Food Certification: A Research Agenda / _cby Akbarizan, Fitra Lestari, Muhammad Abdi Almaktsur and Muhammad Absor |
|
| 260 |
_a[No Place] : _b[publisher not identified], _c[no year] |
||
| 300 | _a4 pages | ||
| 336 |
_atext _2rdacontent |
||
| 337 |
_acomputer _2rdamedia |
||
| 338 |
_aonline resource _2rdacarrier |
||
| 650 |
_aHalal food industry _9128 |
||
| 650 |
_aHalal food industry _xCertification _9415 |
||
| 650 |
_aHalal food _950 |
||
| 700 |
_aAkbarizan, _eauthor _91363 |
||
| 700 |
_aFitra Lestari, _eauthor _91364 |
||
| 700 |
_aMuhammad Abdi Almaktsur, _eauthor _91365 |
||
| 700 |
_aMuhammad Absor, _eauthor _91366 |
||
| 856 | _zRequest full-text at [email protected] | ||
| 942 | _2lcc | ||
| 942 | _cCONP | ||
| 942 | _kCONF 000158 | ||
| 999 |
_c301 _d301 |
||